000 00875nam a22002177a 4500
010 _aENG-144805
020 _a9789382394105
_c400.00
035 _aEN-128337
037 _bDBAD
082 _2Third
_a494.38
100 _aIlson,Robert
_981045
245 _aThe BBI Combinatiory Dictionary Of English:
_bYour Guide To Collocations And Grammar
_cRobert Ilson, Compiled BY [Morton Benson ,Evelyn Benson And Robert Ilson]
250 _aThird
260 _aNetherlands
_bJohn Benjamins Publishing Co.
_c2010
260 _aChennai
_bCre-A
270 _a1020 ME
_bAmsterdam
_eP.O.Box 36224
270 _aNew No.2 Old No. 25, First Floor, 17th East Street, Kamarajar Nagar,
_bThiruvanmiyur,
_e600041
_k7299905950
_mcreapublishers@gmail.com
300 _a462p.
_c21cm.(pb)
700 _aBenson Morton and Benson Evelyn
_981046
942 _2ddc
_cEN
_h494.38
_mIls
999 _c211171
_d211171